Soldadura eléctrica (Record no. 171604)

MARC details
000 -LEADER
campo de control de longitud fija 00546nam a22001815i 4500
001 - NÚMERO DE CONTROL
campo de control 171604
003 - IDENTIFICADOR DE NÚMERO DE CONTROL
campo de control ES-MaACL
005 - FECHA Y HORA DE LA ÚLTIMA TRANSACCIÓN
campo de control 20230906214656.0
008 - DATOS DE LONGITUD FIJA--INFORMACIÓN GENERAL
campo de control de longitud fija 090522s1971 sp |||| | spa d
080 ## - NÚMERO DE LA CLASIFICACIÓN DECIMAL UNIVERSAL
Número de la Clasificación Decimal Universal 621.791.7
245 00 - MENCIÓN DEL TÍTULO
Título Soldadura eléctrica
Resto del título : manual del soldador.
250 ## - MENCION DE EDICION
Mención de edición 5ª ed.
260 ## - PUBLICACIÓN, DISTRIBUCIÓN, ETC.
Lugar de publicación, distribución, etc. Zaragoza :
Nombre del editor, distribuidor, etc. Guiral Industrias Eléctricas,
Fecha de publicación, distribución, etc. [1971]
300 ## - DESCRIPCIÓN FÍSICA
Extensión 323 p. :
Otras características físicas il. ;
Dimensiones 18 cm.
650 14 - PUNTO DE ACCESO ADICIONAL DE MATERIA--TÉRMINO DE MATERIA
Término de materia o nombre geográfico como elemento de entrada Soldadura eléctrica.
9 (RLIN) 17223
710 2# - ENTRADA AGREGADA--NOMBRE DE ENTIDAD CORPORATIVA
Nombre de entidad corporativa o nombre de jurisdicción como elemento de entrada Guiral Industrias Eléctricas.
9 (RLIN) 140283
852 ## - LOCALIZACIÓN
Ubicación ES-MaACL
Número de control de estantería C-45985
itemnumber R.77362
Holdings
Estatus retirado Estado de pérdida Estado de daño No para préstamo Biblioteca de origen Biblioteca actual Ubicación en estantería Fecha de adquisición Fuente de adquisición Total de préstamos Signatura topográfica completa Código de barras Visto por última vez Precio de reemplazo Tipo de ítem Koha
        Biblioteca del Ateneo de Madrid Biblioteca del Ateneo de Madrid Depósito 2 22/05/2009     C-45985 1180089 23/02/2023 23/02/2023 Libro impreso